Física 1 : principios con aplicaciones
| Main Author: | |
|---|---|
| Format: | Section = Libro |
| Language: | Undetermined Spanish |
| Published: |
México
Pearson Educación
2009
|
| Edition: | 6a.ed. |
| Subjects: |
| LEADER | 00741nam a2200289Ia 4500 | ||
|---|---|---|---|
| 008 | 240829s9999 xx 000 0 und d | ||
| 020 | |a 978-970-26-1577-4 | ||
| 040 | |a BIBLIOTECA-RUSB/ 530 G433f | ||
| 041 | |a spa | ||
| 082 | |a 530 G433f | ||
| 100 | 1 | |a Giancoli, Douglas C. | |
| 245 | 1 | 0 | |a Física 1 : principios con aplicaciones |
| 250 | |a 6a.ed. | ||
| 260 | |a México |b Pearson Educación |c 2009 | ||
| 300 | |a 321 p. :il. | ||
| 650 | 7 | |a FISICA | |
| 650 | 7 | |b MOVIMIENTO-CINEMATICA | |
| 650 | 7 | |c DINAMICA | |
| 650 | 7 | |d LEYES DE NEWTON | |
| 650 | 7 | |e GRAVITACION | |
| 650 | 7 | |f EQUILIBRIO ESTATICA | |
| 650 | 7 | |g ONDAS | |
| 650 | 7 | |h SONIDOS | |
| 650 | 7 | |i CALOR - TERMODINAMICA | |
| 942 | |c BK |2 ddc | ||
| 991 | |a TEXTO | ||
| 999 | |c 1989 | ||